header

Scuffy's underground adventure (Record no. 262748)

MARC details
000 -LEADER
fixed length control field 00571nam a22001817a 4500
003 - CONTROL NUMBER IDENTIFIER
control field OSt
005 - DATE AND TIME OF LATEST TRANSACTION
control field 20240207123346.0
008 - FIXED-LENGTH DATA ELEMENTS--GENERAL INFORMATION
fixed length control field 240206b xxu||||| |||| 00| 0 eng d
010 ## - LIBRARY OF CONGRESS CONTROL NUMBER
LC control number 88050936
020 ## - INTERNATIONAL STANDARD BOOK NUMBER
International Standard Book Number 0307120899
040 ## - CATALOGING SOURCE
Transcribing agency RU
050 ## - LIBRARY OF CONGRESS CALL NUMBER
Classification number MLCM 92/01448 (P
100 ## - MAIN ENTRY--PERSONAL NAME
Personal name Carey, Mary,
Dates associated with a name 1925-1994
245 ## - TITLE STATEMENT
Title Scuffy's underground adventure
Statement of responsibility, etc by Mary Carey ; illustrated by Darrell Baker.
260 ## - PUBLICATION, DISTRIBUTION, ETC. (IMPRINT)
Place of publication, distribution, etc New York : |b Golden Book ; |a Racine, Wis. :
Name of publisher, distributor, etc Western Pub. Co.,
Date of publication, distribution, etc c1989.
300 ## - PHYSICAL DESCRIPTION
Extent [20] p.
Other physical details col. ill. ;
Dimensions 28 cm.
942 ## - ADDED ENTRY ELEMENTS (KOHA)
Source of classification or shelving scheme Library of Congress Classification
Koha item type Long Loan Books
Holdings
Withdrawn status Lost status Source of classification or shelving scheme Damaged status Not for loan Collection code Home library Current library Shelving location Date acquired Total Checkouts Full call number Barcode Date last seen Price effective from Koha item type
    Library of Congress Classification     Fiction Rongo University Library Rongo University Library Children's Area 06/02/2024   MLCM 92/01448 (P CL20233105 06/02/2024 06/02/2024 Long Loan Books

© 2026 Rongo University
Contact us: librarian | system librarian | Rongo university